The queen must die (Record no. 66382)

MARC details
000 -LEADER
fixed length control field 00516nam a2200193Ia 4500
008 - FIXED-LENGTH DATA ELEMENTS--GENERAL INFORMATION
fixed length control field 191130s2010##################000#0#eng##
020 ## - INTERNATIONAL STANDARD BOOK NUMBER
ISBN 9781848873704
Paper back/Hardbound pbk
041 ## - LANGUAGE CODE
Language code of text/sound track or separate title eng
082 ## - DEWEY DECIMAL CLASSIFICATION NUMBER
Classification number 823.92 QUI
100 ## - MAIN ENTRY--AUTHOR NAME
Personal name Quinn, K A S
245 ## - TITLE STATEMENT
Title The queen must die
Statement of responsibility, etc K A S Quinn
250 ## - EDITION STATEMENT
Edition statement 1st ed
260 ## - PUBLICATION, DISTRIBUTION, ETC. (IMPRINT)
Place of publication London
Name of publisher Atlantic Books
Year of publication 2010
300 ## - PHYSICAL DESCRIPTION
Number of Pages 298 p. ; 22 cm
650 ## - SUBJECT ADDED ENTRY--TOPICAL TERM
Topical Term Supernatural -- Juvenile fiction
Topical Term Time travel -- Juvenile fiction
942 ## - ADDED ENTRY ELEMENTS (KOHA)
Koha item type English Books
Holdings
Withdrawn status Lost status Damaged status Not for loan Home library Current library Shelving location Date acquired Full call number Accession Number Price effective from Koha item type
        Anna Centenary Library Anna Centenary Library 4TH FLOOR, B WING 09.10.2020 823.92 QUI 383497 09.10.2020 English Books

Find us on the map